000 00613nab a2200217 a 4500
001 67833
003 141057
005 20201118110452.0
008 ||||||n9999 ||| || ||
245 0 _aLa fabrica de licores del Tolima tiene solucion
260 _bAsociacion para el Desarrollo del Tolima,
_c1999.
300 _app.15-16
562 _e0
650 _aANÁLISIS DE CASOS
650 _aDESARROLLO REGIONAL
650 _aESTRATEGIA GERENCIAL
650 _aINDUSTRIA DE LICORES
650 _aTOLIMA (COLOMBIA)
773 _063608
_aVo.21 No. 139 (1999) - Vol.21 No.136 (1999)
942 _cSART
999 _c67833
_d67833